| 000 | 00777nam a22001815i 4500 | ||
|---|---|---|---|
| 001 | 159704 | ||
| 003 | ES-MaACL | ||
| 005 | 20230906211738.0 | ||
| 008 | 990701s1846 fr ae |||| | fre d | ||
| 040 |
_aGA _bspa _cCCPB | 3D |
||
| 100 | 1 |
_aMinard, M. _9129944 |
|
| 245 | 1 | 0 |
_aCours de construction des ouvrages hydrauliques des ports de mer _b: professé a lécole des ponts et chaussées / _cpar M. Minard. |
| 260 |
_aParis : _bCarilian-Goeury et Vor. Dalmont, _c1846 ( _fImprimerie de Fain et Thunot) |
||
| 300 |
_a2 v. ; _c28, 34 x 23 cm. |
||
| 505 | 8 | _aContiene : [Texto] (X, 252 p.) -- [Atlas] (25 h. de plan.) | |
| 752 |
_aFrancia - _dParís |
||
| 852 |
_aES-MaACL _zG-10386-19387 _z-- Enc. hol. _x-- Edic.: añadir T650 Puertos (Construcción) y T650 Ingeniería civil |
||
| 999 |
_c159704 _d159704 |
||